Enfleshing freedom : (Record no. 117899)
[ view plain ]
| 000 -LEADER | |
|---|---|
| fixed length control field | 02057cam a2200337 a 4500 |
| 001 - CONTROL NUMBER | |
| control field | 15816606 |
| 003 - CONTROL NUMBER IDENTIFIER | |
| control field | ARRUPE |
| 005 - DATE AND TIME OF LATEST TRANSACTION | |
| control field | 20130918160637.0 |
| 008 - FIXED-LENGTH DATA ELEMENTS--GENERAL INFORMATION | |
| fixed length control field | 090714s2010 mnu b 001 0 eng |
| 010 ## - LIBRARY OF CONGRESS CONTROL NUMBER | |
| LC control number | 2009028920 |
| 020 ## - INTERNATIONAL STANDARD BOOK NUMBER | |
| International Standard Book Number | 9780800662745 (pbk. : alk. paper) |
| 020 ## - INTERNATIONAL STANDARD BOOK NUMBER | |
| International Standard Book Number | 0800662741 |
| 035 ## - SYSTEM CONTROL NUMBER | |
| System control number | (OCoLC)ocn156832300 |
| 040 ## - CATALOGING SOURCE | |
| Original cataloging agency | DLC |
| Transcribing agency | DLC |
| Modifying agency | BTCTA |
| -- | BAKER |
| -- | YDXCP |
| -- | MOF |
| -- | C#P |
| -- | NLGGC |
| -- | DLC |
| 050 00 - LIBRARY OF CONGRESS CALL NUMBER | |
| Classification number | BT702 |
| Item number | .C67 2009 |
| 082 00 - DEWEY DECIMAL CLASSIFICATION NUMBER | |
| Classification number | 233.089/96073 |
| Edition number | 22 |
| 300 ## - PHYSICAL DESCRIPTION | |
| Dimensions | 23 cm. |
| 100 1# - MAIN ENTRY--PERSONAL NAME | |
| Personal name | Copeland, M. Shawn |
| Fuller form of name | (Mary Shawn) |
| 9 (RLIN) | 639 |
| 245 10 - TITLE STATEMENT | |
| Title | Enfleshing freedom : |
| Remainder of title | body, race, and being / |
| Statement of responsibility, etc | M. Shawn Copeland. |
| 260 ## - PUBLICATION, DISTRIBUTION, ETC. (IMPRINT) | |
| Place of publication, distribution, etc | Minneapolis : |
| Name of publisher, distributor, etc | Fortress Press, |
| Date of publication, distribution, etc | c2010. |
| 300 ## - PHYSICAL DESCRIPTION | |
| Extent | xi, 186 p. ; |
| 490 1# - SERIES STATEMENT | |
| Series statement | Innovations |
| 504 ## - BIBLIOGRAPHY, ETC. NOTE | |
| Bibliography, etc | Includes bibliographical references and index. |
| 505 0# - FORMATTED CONTENTS NOTE | |
| Formatted contents note | Introduction -- Body, race, and being -- Making a body Black : inventing race -- Skin as horizon : theorizing race and racism -- Seeing body -- Being Black -- Black body theology -- Enfleshing freedom -- Objectifying the body -- The subject of freedom -- The freedom of the subject -- enfleshing freedom--return to the clearing -- Marking the body of Jesus, the body of Christ -- Jesus and empire -- The body in the new imperial (dis)order -- Marking the (queer) flesh of Christ -- (Re)marking the flesh of the church -- Turning the subject -- A new anthropological question -- A new anthropological subject -- Solidarity -- Eschatological healing of "the body of broken bones" -- Eucharist, racism, and Black bodies -- Wounding the body of a people -- Terrorizing the body of a people -- Eucharistic solidarity : embodying Christ. |
| 650 #0 - SUBJECT ADDED ENTRY--TOPICAL TERM | |
| Topical term or geographic name as entry element | Theological anthropology |
| General subdivision | Christianity. |
| 9 (RLIN) | 640 |
| 650 #0 - SUBJECT ADDED ENTRY--TOPICAL TERM | |
| Topical term or geographic name as entry element | Human body |
| General subdivision | Religious aspects |
| -- | Christianity. |
| 9 (RLIN) | 641 |
| 650 #0 - SUBJECT ADDED ENTRY--TOPICAL TERM | |
| Topical term or geographic name as entry element | African American women |
| General subdivision | Religious life. |
| 9 (RLIN) | 642 |
| 830 #0 - SERIES ADDED ENTRY--UNIFORM TITLE | |
| Uniform title | Innovations (Minneapolis, Minn.) |
| 9 (RLIN) | 643 |
| 906 ## - LOCAL DATA ELEMENT F, LDF (RLIN) | |
| a | 7 |
| b | cbc |
| c | orignew |
| d | 1 |
| e | ecip |
| f | 20 |
| g | y-gencatlg |
| 942 ## - ADDED ENTRY ELEMENTS (KOHA) | |
| Source of classification or shelving scheme | Library of Congress Classification |
| Koha item type | Monograph ( Printed materials) |
| Withdrawn status | Lost status | Source of classification or shelving scheme | Damaged status | Not for loan | Home library | Current library | Shelving location | Date acquired | Total Checkouts | Full call number | Barcode | Date last seen | Price effective from | Koha item type |
|---|---|---|---|---|---|---|---|---|---|---|---|---|---|---|
| Library of Congress Classification | ARRUPE LIBRARY | ARRUPE LIBRARY | Main Collection | 18/09/2013 | BT702 .C67 2009 | 46408891 | 01/12/2016 | 18/09/2013 | Monograph ( Printed materials) |